000 00460nam a22001697a 4500
005 20140609153219.0
010 _aENG-110110
020 _a9789350481820
_c150.00
035 _aEN-93643
037 _bDBAD/PUB
100 _aBorgohain, Pallavi
245 _aOne word substitution /
_cby Pallavi Borgohain
260 _aNew Delhi
_bPrabhat Books
_c2012
270 _a4/19 Asaf Ali Road
_bNew Delhi
_e110002
300 _a120p.
_c22cm(Hb)
942 _2ddc
_cEN
_mBOR
999 _c84970
_d84970